| 000 | 01074pam a2200277 a 4500 | ||
|---|---|---|---|
| 999 |
_c27556 _d27556 |
||
| 001 | 3507231 | ||
| 003 | OSt | ||
| 005 | 20170209094351.0 | ||
| 008 | 950822s1996 mduaf 001 0 eng c | ||
| 010 | _a 95040256 | ||
| 020 | _a0683090550 | ||
| 040 |
_aDNLM/DLC _cDLC _dDLC |
||
| 050 | 0 | 0 |
_aR123 _b.W476 1996 |
| 060 | 1 | 0 | _aW 15 W735m 1996 |
| 082 | 0 | 0 |
_a610/.14 _220 |
| 100 | 1 | _aWillis, Marjorie Canfield. | |
| 245 | 1 | 0 |
_aMedical terminology : _bthe language of health care / _cMarjorie Canfield Willis. |
| 260 |
_aBaltimore : _bWilliams & Wilkins, _cc1996. |
||
| 300 |
_axi, 533 p., [34] p. plates : _bill. (some col.) ; _c28 cm. |
||
| 500 | _aIncludes index. | ||
| 650 | 0 |
_aMedicine _xTerminology. |
|
| 650 | 1 | 2 | _aNomenclature. |
| 856 | 4 | 2 |
_3Publisher description _uhttp://www.loc.gov/catdir/enhancements/fy0727/95040256-d.html |
| 906 |
_a7 _bcbc _corignew _d1 _eocip _f19 _gy-gencatlg |
||
| 942 |
_2lcc _cBOOKS _hR 123 .W476 1996 |
||